000 00442nam a2200181Ia 4500
008 100917s9999 xx 000 0 und d
082 _b47168
100 _aWilliam Mayne
245 _aThe Yellow Aeroplane
260 _bH. H.
_c1968
300 _a120
365 _b0
520 _aबालविभाग
630 _aThe Yellow Aeroplane
650 _aबालविभाग
730 _aThe Yellow Aeroplane
942 _cBOOK
999 _c652562
_d652559